000 00751nam a22001937a 4500
003 OSt
005 20240830103708.0
008 240830b ||||| |||| 00| 0 eng d
040 _cAIMIT LIBRARY
100 _aAcharya, Neeraj Sadanand.
_e2216107
_9178198
245 _aStudy on financial performance of test yantra software solution India pvt. ltd Bangalore /
_cBy Neeraj Sadanand Acharya ; Guided by Steevan D Souza N.
260 _aBengaluru ;
_c2024.
650 _aResearch methodology
_9178199
650 _aFindings suggestions and conclusion
_9178200
650 _aData analysis and interpretation
_9178201
700 _aD Souza N, Steevan.
_eGuide
_9178202
856 _3Test Yantra Software Solutions.
_ywww.testyantra.com
942 _2ddc
_cPRO
999 _c231647
_d231647